000 00469nam a2200193Ia 4500
005 20140402154956.0
008 140130s9999 xx 000 0 und d
020 _a0439700868
050 _aPZ 7
_b.N647Dr 2005
100 _aNix, Garth
_919379
245 _cGarth Nix.
_aDrowned Wednesday /
260 _bScholastic,
_c2005.
_aUSA :
300 _a389 p. :
_c20 cm.
440 _v1
_931174
521 _aG8
526 _c900
942 _cBK
_2lcc
999 _c41271
_d41271